Tom Jones - Đứa trẻ vô thừa nhận Tiểu thuyết T.1

Tom Jones - Đứa Trẻ Vô Thừa Nhận của tác giả Henry Fielding được xem là một trong năm tiểu thuyết văn học Anh hay nhất mọi thời đại, mô tả chân thật cuộc sống và những định kiến cổ hũ của xã hội phong kiến nước Anh thế kỷ 18....

Disgrifiad llawn

Wedi'i Gadw mewn:
Manylion Llyfryddiaeth
Prif Awdur: Fielding, Henry
Awduron Eraill: Trần, Kiêm
Fformat: Llyfr
Iaith:Undetermined
Cyhoeddwyd: H. Văn học 2018
Pynciau:
Mynediad Ar-lein:http://lrc.tdmu.edu.vn/opac/search/detail.asp?aID=2&ID=34802
Tagiau: Ychwanegu Tag
Dim Tagiau, Byddwch y cyntaf i dagio'r cofnod hwn!
Thư viện lưu trữ: Trung tâm Học liệu Trường Đại học Thủ Dầu Một
LEADER 01096nam a2200241Ia 4500
001 TDMU_34802
008 210410s9999 xx 000 0 und d
082 |a 895.9228403 
090 |b F302 
100 |a Fielding, Henry 
245 0 |a Tom Jones - Đứa trẻ vô thừa nhận 
245 0 |b Tiểu thuyết 
245 0 |c Henry Fielding; Trần Kiêm dịch 
245 0 |n T.1 
260 |a H. 
260 |b Văn học 
260 |c 2018 
300 |a 599tr. 
520 |a Tom Jones - Đứa Trẻ Vô Thừa Nhận của tác giả Henry Fielding được xem là một trong năm tiểu thuyết văn học Anh hay nhất mọi thời đại, mô tả chân thật cuộc sống và những định kiến cổ hũ của xã hội phong kiến nước Anh thế kỷ 18. 
650 |a Văn học Anh  |v Tiểu thuyết; Tiểu thuyết Anh 
700 |a Trần, Kiêm 
856 |u http://lrc.tdmu.edu.vn/opac/search/detail.asp?aID=2&ID=34802 
980 |a Trung tâm Học liệu Trường Đại học Thủ Dầu Một